000 00897nam a2200253Ia 4500
003 OSt
005 20220916110921.0
006 a|||||r|||| 00| 0
007 ta
008 220915b |||||||| |||| 00| 0 san d
024 _a269424
037 _cTextbook
040 _bsan
_aARTS
_cARTS
041 _asan
082 _aO15,2wx, 152J9(EPS)
100 _aभरतिया, कान्ति किशोर
245 0 _aसंस्कृत नाटककार
246 _aSanskṛut nāṭakakāra
260 _aउत्तर
_bप्रदेश प्रकाशन शाखा सूचना विभाग भारत
_c1959
300 _a256पण्
_ccm.
650 _aहिन्दी साहित्य
942 _hO15,2wx, 152J9(EPS)
_cTB
_2CC
999 _c101321
_d101321